000 00573cab a2200193 4500
001 WB2630-19
008 090401t1990 xxu||||| |||| 00| 0 eng d
035 _a(Sirsi) u29102
041 _aeng
245 _aInstitutional investment
260 _c1990
350 _a0
490 _aBank of England Press Notice
_v19 July 1990, (4)
520 _aReports on the investment activity of pension funds , insurance companies and property unit trusts .
650 _aINSTITUTIONS
690 _aPROPERTY-PROPERTY FINANCE AND INVESTMENT
942 _n0
948 _c04/03/1997
999 _c19590
_d19590